书目信息 |
| 题名: |
概率论与数理统计同步解析
|
|
| 作者: | 康健 主编 | |
| 分册: | ||
| 出版信息: | 北京 国防工业出版社 2014.08 |
|
| 页数: | 202页 | |
| 开本: | 26cm | |
| 丛书名: | ||
| 单 册: | ||
| 中图分类: | O21 | |
| 科图分类: | ||
| 主题词: | 概率论--gai lv lun--高等教育--教学参考资料 , 数理统计--shu li tong ji--高等教育--教学参考资料 | |
| 电子资源: | ||
| ISBN: | 978-7-118-09602-6 | |
| 000 | 00977nam0 2200277 450 | |
| 001 | CAL 006805161 | |
| 005 | 20150826142340.17 | |
| 010 | @a978-7-118-09602-6@dCNY27.00 | |
| 100 | @a20140910d2014 em y0chiy50 ea | |
| 101 | 0 | @achi |
| 102 | @aCN@b110000 | |
| 105 | @ak z 000yy | |
| 106 | @ar | |
| 200 | 1 | @a概率论与数理统计同步解析@Agai lv lun yu shu li tong ji tong bu jie xi@f主编康健 |
| 205 | @a第2版 | |
| 210 | @a北京@c国防工业出版社@d2014.08 | |
| 215 | @a202页@d26cm | |
| 330 | @a本书分九章, 分别为概率论的基本概念、随机变量及其分布、二维随机变量及其分布、随机变量的数字特征、大数定律和中心极限定理、样本及抽样分布、参数估计、假设检验、回归分析。 | |
| 333 | @a普通高等教育“十二五”规划教材 | |
| 586 | @a | |
| 606 | 0 | @a概率论@Agai lv lun@x高等教育@j教学参考资料 |
| 606 | 0 | @a数理统计@Ashu li tong ji@x高等教育@j教学参考资料 |
| 690 | @aO21@v5 | |
| 701 | 0 | @a康健@Akang jian@4主编 |
| 801 | 0 | @aCN@c20150820 |
| 905 | @a河南城建学院图书馆@dO21@eK2551@f3 | |
| 概率论与数理统计同步解析/主编康健.-第2版.-北京:国防工业出版社,2014.08 |
| 202页;26cm |
| 使用对象:普通高等教育“十二五”规划教材 |
| ISBN 978-7-118-09602-6:CNY27.00 |
| 本书分九章, 分别为概率论的基本概念、随机变量及其分布、二维随机变量及其分布、随机变量的数字特征、大数定律和中心极限定理、样本及抽样分布、参数估计、假设检验、回归分析。 |
| ● |
| 相关链接 |
|
|
|
正题名:概率论与数理统计同步解析
索取号:O21/K2551
 
预约/预借
| 序号 | 登录号 | 条形码 | 馆藏地/架位号 | 状态 | 备注 |
| 1 | 1224629 | 212246292 | 自科库401/401自科库 46排3列4层/ [索取号:O21/K2551] | 在馆 | |
| 2 | 1224630 | 212246309 | 自科库401/401自科库 46排3列4层/ [索取号:O21/K2551] | 在馆 | |
| 3 | 1224631 | 212246318 | 自科库401/401自科库 46排3列4层/ [索取号:O21/K2551] | 在馆 |